000 00522nam a2200193 a 4500
001 17289
003 CO-ViMGA
008 141112s2004 ck r 000 u spa d
020 _a8439704240
040 _aCO-ViMGA
_bspa
_cCO-ViMGA
082 0 4 _a891.73 M141n
100 1 _aMaiakoski, Vladimir
_924595
245 1 0 _aLa nube en pantalones
260 _aBarcelona (España),
_cMondadori,
_c1999
300 _a72.p.
590 _aForma de adquisición : Premio - Mincultura
650 1 4 _aPOESIA RUSA
_948879
942 _2ddc
_cBK
999 _c26858
_d26858